The book thief / (Record no. 360143)
[ view plain ]
| 000 -LEADER | |
|---|---|
| fixed length control field | 00634nam a2200253Ia 4500 |
| 008 - FIXED-LENGTH DATA ELEMENTS--GENERAL INFORMATION | |
| fixed length control field | 181129s9999 xx 000 0 und d |
| 020 ## - INTERNATIONAL STANDARD BOOK NUMBER | |
| International Standard Book Number | 9780375842207 |
| 050 ## - LIBRARY OF CONGRESS CALL NUMBER | |
| Item number | Z967 2005 |
| 100 ## - MAIN ENTRY--PERSONAL NAME | |
| Personal name | Zusak, Markus |
| 245 #4 - TITLE STATEMENT | |
| Title | The book thief / |
| 245 #0 - TITLE STATEMENT | |
| Statement of responsibility, etc | by Markus Zusak ; illustrated by Trudy White. |
| 260 ## - PUBLICATION, DISTRIBUTION, ETC. (IMPRINT) | |
| Place of publication, distribution, etc | New York, NY : |
| 260 ## - PUBLICATION, DISTRIBUTION, ETC. (IMPRINT) | |
| Name of publisher, distributor, etc | Alfred A. Knopf. |
| 260 ## - PUBLICATION, DISTRIBUTION, ETC. (IMPRINT) | |
| Date of publication, distribution, etc | 2005 |
| 300 ## - PHYSICAL DESCRIPTION | |
| Extent | 552 pages : |
| 300 ## - PHYSICAL DESCRIPTION | |
| Other physical details | illustrations ; |
| 300 ## - PHYSICAL DESCRIPTION | |
| Dimensions | 20cm. |
| 650 ## - SUBJECT ADDED ENTRY--TOPICAL TERM | |
| Topical term or geographic name as entry element | Germany. |
| 650 ## - SUBJECT ADDED ENTRY--TOPICAL TERM | |
| Topical term or geographic name as entry element | Jews rescue. |
| 650 ## - SUBJECT ADDED ENTRY--TOPICAL TERM | |
| Topical term or geographic name as entry element | Storytelling. |
| 650 ## - SUBJECT ADDED ENTRY--TOPICAL TERM | |
| Topical term or geographic name as entry element | World War (1939-1945). |
| 700 ## - ADDED ENTRY--PERSONAL NAME | |
| Personal name | Title. |
| 700 ## - ADDED ENTRY--PERSONAL NAME | |
| Personal name | White, Trudy. |
| Withdrawn status | Lost status | Damaged status | Home library | Current library | Shelving location | Date acquired | Total Checkouts | Full call number | Barcode | Date last seen | Price effective from | Koha item type |
|---|---|---|---|---|---|---|---|---|---|---|---|---|
| Stonyhurst Southville International School (Malarayat) | Stonyhurst Southville International School (Malarayat) | 11/29/2018 | FIC Z967 2005 | SSISM5937 | 11/29/2018 | 11/29/2018 | Books |